|
|
|
|
| LEADER |
02092nam a2200469 i 4500 |
| 001 |
EBC1486763 |
| 003 |
MiAaPQ |
| 005 |
20200520144314.0 |
| 006 |
m o d | |
| 007 |
cr cnu|||||||| |
| 008 |
020601s2003 enk ob 001 0 eng|d |
| 020 |
|
|
|z 0700716122 (hdbk. : alk. paper)
|
| 020 |
|
|
|z 9780700716128
|
| 020 |
|
|
|a 9781315029412
|q (electronic bk.)
|
| 035 |
|
|
|a (MiAaPQ)EBC1486763
|
| 035 |
|
|
|a (Au-PeEL)EBL1486763
|
| 035 |
|
|
|a (CaPaEBR)ebr10784340
|
| 035 |
|
|
|a (CaONFJC)MIL535958
|
| 035 |
|
|
|a (OCoLC)870591627
|
| 040 |
|
|
|a MiAaPQ
|b eng
|e rda
|e pn
|c MiAaPQ
|d MiAaPQ
|
| 043 |
|
|
|a ea-----
|
| 050 |
|
4 |
|a HC460.5
|b .R443 2003
|
| 082 |
0 |
|
|a 337.5
|2 21
|
| 245 |
0 |
0 |
|a Regionalism in East Asia :
|b paradigm shifting? /
|c edited by Fu-Kuo Liu and Philippe Regnier.
|
| 264 |
|
1 |
|a London ;
|a New York :
|b RoutledgeCurzon,
|c 2003.
|
| 300 |
|
|
|a 1 online resource (288 pages)
|
| 336 |
|
|
|a text
|2 rdacontent
|
| 337 |
|
|
|a computer
|2 rdamedia
|
| 338 |
|
|
|a online resource
|2 rdacarrier
|
| 504 |
|
|
|a Includes bibliographical references (pages [231]-249) and index.
|
| 505 |
0 |
|
|a part I. The critical review of regional concepts and theories of regionalism -- part II. Regional cooperation in practice in East Asia and encountering regional theories -- part III. The new direction of East Asia regionalism.
|
| 588 |
|
|
|a Description based on print version record.
|
| 590 |
|
|
|a Electronic reproduction. Ann Arbor, MI : ProQuest, 2015. Available via World Wide Web. Access may be limited to ProQuest affiliated libraries.
|
| 650 |
|
0 |
|a Regionalism
|z East Asia.
|
| 651 |
|
0 |
|a East Asia
|x Economic integration.
|
| 651 |
|
0 |
|a East Asia
|x Economic conditions.
|
| 655 |
|
4 |
|a Electronic books.
|
| 700 |
1 |
|
|a Liu, Fu-Kuo,
|d 1958-
|
| 700 |
1 |
|
|a Regnier, Philippe.
|
| 776 |
0 |
8 |
|i Print version:
|t Regionalism in East Asia : paradigm shifting?.
|d London : RoutledgeCurzon, 2003
|h xxxi, 255 pages ; 25 cm.
|z 9780700716128
|w (OCoLC)ocm49942169
|w (DLC) 2002075138
|
| 797 |
2 |
|
|a ProQuest (Firm)
|
| 856 |
4 |
0 |
|u https://ebookcentral.proquest.com/lib/matrademy/detail.action?docID=1486763
|z Click to View
|